00866nam a2200229 a 4500001001000000003000400010005001700014008004100031040002500072049000900097082001600106100002700122245009600149260003700245300002100282504003000303700004200333942001400375952011300389952011900502999001500621000007532OSt20201103073023.0090909s1973 dr 001 0 spa d aDO-SdBNPbspacBNPHU aBNPD axxxxbC146e1 aCaldera, Rafael92091210aEspecificidad de la democracia cristiana /cRafael Caldera ; prólogo Pedro Pablo Aguilar. aSanto Domingo :b[s. n.],c1973. a145 p. ;c19 cm. aBibliografía p. 127-1401 aAguilar, Pedro Pablo,epról.920913 2ddccLBS1 0010718PDaPDbPDcCTd2009-09-09iLF1l0oxxxx C146ep7532-10r2020-06-25w2020-06-25yLFPDZNo se presta 0010718PDaPDbPDcCTd2010-03-15iLF1l0oxxxx C146ep7532-20r2020-06-25te. 2w2020-06-25yLFPDZNo se presta c7313d7313